| 000 | 00000nam##2200000za#4500 |
| 001 | 9.601216 |
| 003 | CaOODSP |
| 005 | 20220623094111 |
| 007 | cr ||||||||||| |
| 008 | 150406|1995||||xxc|||||o f|0| 0 fre|d |
| 040 | |aCaOODSP|bfre |
| 043 | |an-cn--- |
| 086 | 1 |aC21-23/2F-PDF |
| 110 | 1 |aCanada. |bIndustrie Canada. |
| 245 | 10|aLes initiatives d'expansion commerciale dans les filiales de multinationales au Canada : |h[ressource électronique]|bdocument hors-série no 2, janvier 1995 / |cpar Julian Birkinshaw. |
| 260 | |aOttawa - Ontario : |bIndustrie Canada |cJanvier 1995. |
| 300 | |a65p.|bfigures, tableaux |
| 490 | 1 |aDocument hors série|vN° 2 |
| 504 | |aBibliographie. |
| 590 | |a11-09-Supp|b2011-06-30 |
| 720 | 1 |aBirkinshaw, Julian |
| 775 | 08|tBusiness development initiatives of multinational subsidiaries in Canada : |w(CaOODSP)9.570568 |
| 776 | 0#|tBusiness development initiatives of multinational subsidiaries in Canada / |w(CaOODSP)9.525314 |
| 776 | 0#|tLes initiatives d'expansion commerciale dans les filiales de multinationales au Canada / |w(CaOODSP)9.525315 |
| 830 | #0|aDocument hors série (Canada. Industrie Canada)|vN° 2|w(CaOODSP)9.501162 |
| 856 | 40|ahttp://publications.gc.ca|qPDF|s284 Ko|uhttps://publications.gc.ca/collections/Collection/C21-23-2F.pdf|yN° 2 |